Guide to the ajanta paintings (v.1): (Record no. 16721)

000 -LEADER
fixed length control field 00430nam a22001571a 4500
020 ## - INTERNATIONAL STANDARD BOOK NUMBER
ISBN 9788121509220
082 ## - DEWEY DECIMAL CLASSIFICATION NUMBER
Classification number 759.954 79
Item number DIE/G
100 ## - MAIN ENTRY--AUTHOR NAME
Personal name Dieter Schlingloff
245 ## - TITLE STATEMENT
Title Guide to the ajanta paintings (v.1):
Sub Title narrative wall paintings/
Statement of responsibility, etc by Dieter Schlingloff
260 ## - PUBLICATION, DISTRIBUTION, ETC. (IMPRINT)
Place of publication New Delhi:
Name of publisher Munshiram Manoharlal,
Year of publication 1999.
300 ## - PHYSICAL DESCRIPTION
Number of Pages 58p
650 ## - SUBJECT ADDED ENTRY--TOPICAL TERM
Topical Term Painting
650 ## - SUBJECT ADDED ENTRY--TOPICAL TERM
Topical Term Ajanta India
650 ## - SUBJECT ADDED ENTRY--TOPICAL TERM
Topical Term Arts
942 ## - ADDED ENTRY ELEMENTS (KOHA)
Koha item type Book
Holdings
Withdrawn status Lost status Damaged status Not for loan Permanent Location Current Location Shelving location Date acquired Cost, normal purchase price Full call number Accession Number Cost, replacement price Price effective from Koha item type
        Sree Sankaracharya University of Sanskrit Sree Sankaracharya University of Sanskrit Reference 08.01.2015 350.00 759.954 79 DIE/G 032740 0.00 08.01.2015 Reference